01216nam a2200217 a 450000100100000000500170001000800410002704000250006810000300009324501320012326000910025530000200034670000300036604900090039695201200040595201200052595201200064595201050076595201110087099900170098100002990520200930055910.0110426s2002 dr 000 0 spa d aDO-SdBNPbspacBNPHU1 aBetances, Bethania95664210aMitos e imágenes sobre el uso del condón :bproyecto de salud sexual y reprodutiva /cBethania Betances, Eduardo Vásquez. aSanto Domingo :bSecretaría de Estado de Salud Pública y Asistencia Social,c2002. a46 p. ;c28 cm.1 aVásquez, Eduardo956643 aBNPD 001054708DSaGRbGRcCTd2011-04-26iLF1l0o p29905-30r2020-06-25te. 3w2020-06-25yLFDSZPréstamo en sala 001054708DSaGRbGRcCTd2011-04-26iLF1l0o p29905-40r2020-06-25te. 4w2020-06-25yLFDSZPréstamo en sala 001054708DSaGRbGRcCTd2011-04-26iLF1l0o p29905-50r2020-06-25te. 5w2020-06-25yLFDSZPréstamo en sala 0010718PDaPDbPDcCTd2011-04-26iLF1l0o p29905-10r2020-06-25w2020-06-25yLFPDZNo se presta 0010718PDaPDbPDcCTd2011-04-26iLF1l0o p29905-20r2020-06-25te. 2w2020-06-25yLFPDZNo se presta c29397d29397